[Event "ROM-ch U10"]
[Site "Calimanesti Caciulata"]
[Date "2019.04.22"]
[Round "9"]
[White "Popescu, Alexandru Mihai"]
[Black "Pislaru, Victor"]
[Result "0-1"]
[WhiteElo "1380"]
[BlackElo "1079"]
[PlyCount "128"]
[EventDate "2019.04.15"]
[EventType "swiss"]
[EventRounds "9"]
[EventCountry "ROU"]
[SourceTitle "CBM 190 Extra"]
[Source "ChessBase"]
[SourceDate "2019.07.15"]
[SourceVersion "1"]
[SourceVersionDate "2019.07.15"]
[SourceQuality "1"]

1. e4 c5 2. Nf3 e6 3. d4 cxd4 4. Nxd4 Nf6 5. Bd3 Be7 6. Nc3 d6 7. 0-0 0-0 8. Bd2 a6 9. Kh1 b5 10. f4 Bb7 11. a3 Nc6 12. Nxc6 Bxc6 13. Qf3 d5 14. Rad1 Qc7 15. exd5 Nxd5 16. Nxd5 Bxd5 17. Be4 Bxe4 18. Qxe4 Rac8 19. Bc3 Rfd8 20. Rfe1 Rxd1 21. Rxd1 Rd8 22. Re1 Bf8 23. f5 exf5 24. Qxf5 Qd6 25. Qe5 Qxe5 26. Rxe5 f6 27. Re2 Kf7 28. Kg1 Re8 29. Kf2 Bc5+ 30. Kf3 Rxe2 31. Kxe2 Ke6 32. Kf3 h5 33. Ke4 g5 34. Bd4 f5+ 35. Kd3 Kd5 36. Bf6 g4 37. Bg5 Bd6 38. g3 Bc5 39. Be3 Bd6 40. Bd4 f4 41. Bf2 f3 42. b4 Be5 43. c3 Bf6 44. Be3 h4 45. Bd2 hxg3 46. hxg3 Be5 47. Be1 Bf6 48. Bd2 Bg7 49. Be3 Be5 50. Bf2 Bd6 51. Be1 Bc7 52. Bf2 Bb8 53. Be1 Ba7 54. Bd2 Bf2 55. Bf4 Be1 56. Bc7 Bxc3 57. Ke3 Be5 58. Bxe5 Kxe5 59. Kf2 Ke4 60. Kf1 Kd3 61. Kf2 Kc3 62. Ke3 Kb3 63. Kf4 f2 64. Kxg4 f1Q 0-1

[Event "ROM-ch U10"]
[Site "Calimanesti Caciulata"]
[Date "2019.04.16"]
[Round "2"]
[White "Calianu Voinea, Mircea Stefan"]
[Black "Pislaru, Victor"]
[Result "0-1"]
[WhiteElo "1001"]
[BlackElo "1079"]
[PlyCount "70"]
[EventDate "2019.04.15"]
[EventType "swiss"]
[EventRounds "9"]
[EventCountry "ROU"]
[SourceTitle "CBM 190 Extra"]
[Source "ChessBase"]
[SourceDate "2019.07.15"]
[SourceVersion "1"]
[SourceVersionDate "2019.07.15"]
[SourceQuality "1"]

1. e4 c5 2. Nf3 e6 3. a3 Nc6 4. Bb5 Nge7 5. Bxc6 Nxc6 6. Rf1 Be7 7. Nc3 0-0 8. Ra2 a6 9. Na4 b5 10. Nc3 Bb7 11. Ng1 Qc7 12. Nh3 Qxh2 13. Nf4 Qxf4 14. g3 Qc7 15. Ne2 Rfe8 16. e5 Nxe5 17. f4 Ng4 18. Nc3 d5 19. Ne2 Rad8 20. b3 Bf6 21. Rb2 e5 22. Rf3 e4 23. Rf1 d4 24. Rf2 e3 25. dxe3 dxe3 26. Nc3 Rxd1+ 27. Nxd1 Bxb2 28. c3 e2 29. Rxe2 Rxe2+ 30. Kxe2 Qe7+ 31. Kd2 Qe4 32. Bxb2 Qb1 33. f5 Bf3 34. Nf2 Qxb2+ 35. Kd3 Qe2# 0-1

[Event "ROM-ch U10"]
[Site "Calimanesti Caciulata"]
[Date "2019.04.15"]
[Round "1"]
[White "Pislaru, Victor"]
[Black "Coicev, Matei Andrei"]
[Result "0-1"]
[WhiteElo "1079"]
[BlackElo "1477"]
[PlyCount "80"]
[EventDate "2019.04.15"]
[EventType "swiss"]
[EventRounds "9"]
[EventCountry "ROU"]
[SourceTitle "CBM 190 Extra"]
[Source "ChessBase"]
[SourceDate "2019.07.15"]
[SourceVersion "1"]
[SourceVersionDate "2019.07.15"]
[SourceQuality "1"]

1. d4 d5 2. Nf3 Nf6 3. g3 c5 4. c4 dxc4 5. Bg2 cxd4 6. Qxd4 Qxd4 7. Nxd4 e5 8. Nc2 Nc6 9. Nd2 Be6 10. Ne3 Bb4 11. a3 Ba5 12. 0-0 Bxd2 13. Bxd2 Rd8 14. Rfd1 Nd4 15. Kf1 Nb3 16. Bc3 Nxa1 17. Rxa1 Nd5 18. Nxd5 Bxd5 19. Bxe5 Bxg2+ 20. Kxg2 f6 21. Bc3 Kd7 22. Kf3 Kc6 23. Rc1 Rd5 24. Bb4 Kb5 25. e4 Rd3+ 26. Ke2 a5 27. Bc3 Re8 28. f3 f5 29. e5 Ka4 30. f4 b5 31. Bd2 Red8 32. Be1 R8d4 33. Kf1 b4 34. Bf2 Rd1+ 35. Rxd1 Rxd1+ 36. Ke2 bxa3 37. Kxd1 a2 38. b3+ Kxb3 39. Bd4 c3 40. e6 a1Q+ 0-1